Derecho constitucional tributario (Registro nro. 927)
[ vista simple ]
| 000 -LEADER | |
|---|---|
| fixed length control field | 01536 a2200205 4500 |
| 001 - CONTROL NUMBER | |
| control field | 22206 |
| 005 - DATE AND TIME OF LATEST TRANSACTION | |
| control field | 20260407155511.0 |
| 008 - FIXED-LENGTH DATA ELEMENTS--GENERAL INFORMATION | |
| fixed length control field | 260407a1991 arg spa d |
| 003 - CONTROL NUMBER IDENTIFIER | |
| control field | AR-UNSa-BCEJYS |
| 040 ## - CATALOGING SOURCE | |
| Original cataloging agency | AR-UNSa-BCEJYS |
| Language of cataloging | spa |
| Transcribing agency | AR-UNSa-BCEJYS |
| 080 ## - UNIVERSAL DECIMAL CLASSIFICATION NUMBER | |
| Universal Decimal Classification number | 336.2:342 |
| Common auxiliary subdivision | Derecho Constitucional Tritutario |
| 100 1# - MAIN ENTRY--PERSONAL NAME | |
| Personal name | Spisso, Rodolfo Roque |
| 245 10 - TITLE STATEMENT | |
| Title | Derecho constitucional tributario |
| 264 #1 - PRODUCTION, PUBLICATION, DISTRIBUTION, MANUFACTURE, AND COPYRIGHT NOTICE | |
| Place of production, publication, distribution, manufacture | Buenos Aires : |
| Name of producer, publisher, distributor, manufacturer | Ediciones Depalma |
| Date of production, publication, distribution, manufacture, or copyright notice | 1991 |
| 300 ## - PHYSICAL DESCRIPTION | |
| Extent | xiii, 490 p. |
| Dimensions | 25 cm. |
| 505 ## - FORMATTED CONTENTS NOTE | |
| Formatted contents note | 1. Nociones de derecho constitucional tributario - 2. El programa constitucional - 3. Derecho de propiedad y tributos - 4. Poder tributario - 5. El poder de imposición y el comercio interjurisdiccional - 6. Competencia tributaria en establecimientos de utilidad nacional - 7. Poder de eximir - 8. Régimen de coparticipación tributaria - 9. Coparticipación de impuestos sobre los combustibles - 10. Principio de legalidad - 11. Irretroactividad de la ley fiscal - 12. Capacidad contributiva - 13. Principio de no confiscatoriedad - 14. Principios de igualdad y de razonabilidad de las leyes – 15. Protección de la familia - 16. El tribunal fiscal y el control de constitucionalidad – 17. Acción declarativa – 18. Acciones y recursos. Cuestiones constitucionales – 19. Derecho penal tributario - 20. El rol del poder judicial - 21. La reforma constitucional |
| 590 ## - LOCAL NOTE (RLIN) | |
| Local note | niveau_biblio:m niveau_hierar:0 |
| 856 41 - ELECTRONIC LOCATION AND ACCESS | |
| Uniform Resource Identifier | <a href="https://www.biblioeco.unsa.edu.ar/pmb/images/libros/L128707.jpg">https://www.biblioeco.unsa.edu.ar/pmb/images/libros/L128707.jpg</a> |
| Link text | Imagen de portada |
| Electronic format type | image/jpeg |
| 942 ## - ADDED ENTRY ELEMENTS (KOHA) | |
| Koha item type | |
| Withdrawn status | Lost status | Damaged status | Not for loan | Home library | Current library | Shelving location | Date acquired | Total checkouts | Full call number | Barcode | Date last seen | Price effective from | Koha item type |
|---|---|---|---|---|---|---|---|---|---|---|---|---|---|
| Biblioteca Prof. Eusebio Cleto del Rey | Biblioteca Prof. Eusebio Cleto del Rey | 07/04/2026 | 336.2:342 S754 | L58794 | 07/04/2026 | 07/04/2026 | Libro | ||||||
| Biblioteca Prof. Eusebio Cleto del Rey | Biblioteca Prof. Eusebio Cleto del Rey | 07/04/2026 | 336.2:342 S754 | L128707 | 07/04/2026 | 07/04/2026 | Libro |